00561nam a2200133Ia 4500008004100000100002200041245010600063245010700169260005300276260001400329300000800343650001500351856006100366170221s9999 xx 000 0 und d aElena E. Kabanova aCultural and Educational Tourism in the Russian Federation: Basic Problems and Development Resources  cElena E. Kabanova, Elena V. Frolova, Natalia V. Medvedeva, Mikhail V. Vinichenko, Irina Y. Shimanskaya bInternational Review of Management and Marketing cJune 2015 a7:1 xMarketing. uhttp://www.econjournals.com/index.php/irmm/issue/view/83